Statistiques concernant Pays d'Europe en 1800

Cliquez ici pour prendre le quiz!

Statistiques générales

  • Ce quiz a été pris 66 fois
  • Le résultat moyen est 13 sur 29

Statistiques - réponses

Pays européens en 1800% Correct
République française
98%
Empire espagnol
95%
Grande Bretagne
93%
Empire russe
90%
Royaume du portugal
90%
Suède
90%
Danemark–Norvége
87%
Empire ottoman
77%
Royaume de Prusse
77%
Monarchie des Habsbourg / Autriche-Hongrie
77%
Royaume d'Irlande
63%
Monaco
62%
Royaume de Naples et de Sicile / Royaume des Deux-Siciles
58%
Saint-Empire romain
50%
États pontificaux
45%
Saint Marin
42%
Grand Duché de Toscane
33%
Royaume de Sardaigne
30%
Duché de Savoie
20%
Principauté ecclésiastique de Monténégro
18%
Valachie
5%
République Batave
5%
Principauté de Moldavie
0%
Duché de Schleswig
0%
Gozo / Għawdex
0%
République de Cospaia
0%
Couto Misto
0%
République Cisalpine
0%
Principauté d'Andorre
0%

Distribution des résultats

Percentile par nombre de réponses

% des personnes avec chaque résultat

Votre développement - résultats

Vous n’avez pas pris ce quiz